|
|
|
|
| LEADER |
01404nam a2200373Ia 4500 |
| 001 |
EBC581325 |
| 003 |
MiAaPQ |
| 005 |
20200520144314.0 |
| 006 |
m o d | |
| 007 |
cr cn||||||||| |
| 008 |
100409s2010 enk sb 001 0 eng d |
| 010 |
|
|
|z 2010015520
|
| 020 |
|
|
|z 9780754678168 (hardback : alk. paper)
|
| 020 |
|
|
|a 9780754696094 (electronic bk.)
|
| 035 |
|
|
|a (MiAaPQ)EBC581325
|
| 035 |
|
|
|a (Au-PeEL)EBL581325
|
| 035 |
|
|
|a (CaPaEBR)ebr10411942
|
| 035 |
|
|
|a (CaONFJC)MIL922486
|
| 035 |
|
|
|a (OCoLC)669127016
|
| 040 |
|
|
|a MiAaPQ
|c MiAaPQ
|d MiAaPQ
|
| 050 |
|
4 |
|a S494.5.S86
|b I43 2010
|
| 082 |
0 |
4 |
|a 630
|2 22
|
| 245 |
0 |
0 |
|a Imagining sustainable food systems
|h [electronic resource] :
|b theory and practice /
|c edited by Alison Blay-Palmer.
|
| 260 |
|
|
|a Farnham, Surrey ;
|a Burlington, VT :
|b Ashgate,
|c c2010.
|
| 300 |
|
|
|a vi, 251 p.
|
| 504 |
|
|
|a Includes bibliographical references and index.
|
| 533 |
|
|
|a Electronic reproduction. Ann Arbor, MI : ProQuest, 2015. Available via World Wide Web. Access may be limited to ProQuest affiliated libraries.
|
| 650 |
|
0 |
|a Sustainable agriculture.
|
| 650 |
|
0 |
|a Food supply
|x International cooperation.
|
| 650 |
|
0 |
|a Food security.
|
| 655 |
|
4 |
|a Electronic books.
|
| 700 |
1 |
|
|a Blay-Palmer, Alison,
|d 1961-
|
| 710 |
2 |
|
|a ProQuest (Firm)
|
| 856 |
4 |
0 |
|u https://ebookcentral.proquest.com/lib/matrademy/detail.action?docID=581325
|z Click to View
|